Censos Nacionales VII de Población II de vivienda : (Registro nro. 2190)

000 -CABECERA
campo de control de longitud fija 00739nam a22002177a 4500
005 - FECHA Y HORA DE LA ÚLTIMA TRANSACCIÓN
campo de control 20210815234123.0
008 - DATOS DE LONGITUD FIJA--INFORMACIÓN GENERAL
campo de control de longitud fija 210815s1974 pe |||fr|||| 001 0 spa d
040 ## - FUENTE DE LA CATALOGACIÓN
Centro catalogador/agencia de origen CENDOC CAAAP
Lengua de catalogación spa
Centro/agencia transcriptor CAAAP
041 ## - CÓDIGO DE LENGUA
Código de lengua del texto/banda sonora o título independiente spa
050 ## - SIGNATURA TOPOGRÁFICA DE LA BIBLIOTECA DEL CONGRESO
Número de clasificación HA 1068.S1
Número de documento/Ítem .P45 1972
245 ## - MENCIÓN DE TÍTULO
Título Censos Nacionales VII de Población II de vivienda :
Subtitulo departamento de San Martín
250 ## - MENCIÓN DE EDICIÓN
Mención de edición 1ra ed.
260 ## - PUBLICACIÓN, DISTRIBUCIÓN, ETC.
Lugar de publicación, distribución, etc. Lima:
Nombre del editor, distribuidor, etc. INEI,
Fecha de publicación, distribución, etc. 1975
300 ## - DESCRIPCIÓN FÍSICA
Extensión 2 tomos
505 ## - NOTA DE CONTENIDO CON FORMATO
Nota de contenido con formato Contiene: Contiene : Resultados definitivos --Censos de Población --Censos de vivienda-- Anexos.
650 10 - PUNTO DE ACCESO ADICIONAL DE MATERIA--TÉRMINO DE MATERIA
9 (RLIN) 1407
Término de materia o nombre geográfico como elemento de entrada Censos
650 20 - PUNTO DE ACCESO ADICIONAL DE MATERIA--TÉRMINO DE MATERIA
9 (RLIN) 3296
Término de materia o nombre geográfico como elemento de entrada Población
650 20 - PUNTO DE ACCESO ADICIONAL DE MATERIA--TÉRMINO DE MATERIA
9 (RLIN) 3768
Término de materia o nombre geográfico como elemento de entrada Vivienda
651 #0 - PUNTO DE ACCESO ADICIONAL DE MATERIA--NOMBRE GEOGRÁFICO
9 (RLIN) 3805
Nombre geográfico San Martín (Perú: Departamento)
Subdivisión general Condiciones sociales
942 ## - ELEMENTOS PERSONALIZADOS KOHA
Fuente del sistema de clasificación o colocación
Fecha de catalogación 16 - 08 - 21
Tipo de ítem Koha Libros
Existencias
Fuente del sistema de clasificación o colocación Localización permanente Ubicación/localización actual Fecha de adquisición Número de inventario Total de préstamos Signatura LC Fecha visto por última vez Número de copia Tipo de ítem Koha
  CENTRO DE DOCUMENTACIÓN (CENDOC) CENTRO DE DOCUMENTACIÓN (CENDOC) 08/15/2021 000057   HA 1068.S1 | .P45 1972 08/15/2021 T. 1 Libros
  CENTRO DE DOCUMENTACIÓN (CENDOC) CENTRO DE DOCUMENTACIÓN (CENDOC) 08/15/2021 000058   HA 1068.S1 | .P45 1972 08/15/2021 T. 2 Libros
Centro de Documentación CAAAP | AV. Manuel González Prada 626, Magdalena del Mar | (51-1) 4615223 Anexo 205 y 209 | cendoc@caaap.org.pe